Doom (2016) - Weapons - Statistics

General Stats
  • This quiz has been taken 86 times
  • The average score is 10 of 13
Answer Stats
Hint Answer % Correct
Weapon BFG-9000
95%
Weapon Shotgun
94%
Weapon Super Shotgun
92%
Weapon Pistol
89%
Weapon Plasma Rifle
84%
Weapon Rocket Launcher
81%
Equipment Frag Grenade
79%
Weapon Chaingun
75%
Weapon Chainsaw
75%
Weapon Gauss Cannon
71%
Weapon Heavy Assault Rifle
70%
Equipment Hologram
48%
Equipment Siphon Grenade
37%
No matching quizzes found
Score Distribution
Percent of People with Each Score
Percentile by Number Answered
Your Score History
You have not taken this quiz